| 000 | 00789cam a2200229 a 4500 | ||
|---|---|---|---|
| 001 | 12221303 | ||
| 005 | 20171228071228.0 | ||
| 008 | 001103s2001 mdu 001 0 eng | ||
| 010 | _a 00053611 | ||
| 020 | _a0735520003 | ||
| 040 |
_aDLC _cDLC _dDLC |
||
| 041 | _aeng | ||
| 043 | _an-us--- | ||
| 080 | _a342.73 MAY | ||
| 082 | 0 | 0 |
_a342.73 MAY _221 |
| 100 | 1 | _a14 | |
| 101 | _aJUR | ||
| 245 | 1 | 0 |
_aConstitutional law--national power and federalism : _cChristopher N. May, Allan Ides. |
| 906 |
_a7 _bcbc _corignew _d1 _eocip _f20 _gy-gencatlg |
||
| 942 |
_2ddc _cBK |
||
| 999 |
_c39572 _d39572 |
||